[Event "Australian-ch 2020"]
[Site "Kogarah"]
[Date "2020.01.11"]
[Round "9.10"]
[White "Ng, Clive"]
[Black "Plant, John Stuart"]
[Result "1/2-1/2"]
[WhiteElo "2061"]
[BlackElo "1993"]
[Annotator "NA RC"]
[PlyCount "81"]
[EventDate "2020.01.02"]
[EventType "swiss"]
[EventCountry "AUS"]
[SourceTitle "playchess.com"]
[Source "ChessBase"]
[SourceQuality "1"]
[TimeControl "40/5400+30:1800+30"]

{[%evp 8,60,32,12,19,8,22,25,30,26,32767,32767,28,28,40,39,69,61,51,-20,44,32767,32767,32767,32767,-119,-112,-137,-140,-135,-129,-156,-98,-168,-120,-145,0,-307,32767,32767,32767,32767,-91,-136,-114,-120,-82,-117,-105,-195,-204,-233,-103,-102,-88]} 1. e4 d6 2. d4 Nf6 3. Nc3 e5 4. Nge2 c6 5. a4 (5. g3 g6 6. Bg2 Bg7 7. O-O O-O 8. h3 b5 9. a3 Bb7 10. f4 exd4 11. Nxd4 Re8 12. Nde2 a5 13. e5 Qb6+ 14. Qd4 c5 15. Qf2 dxe5 16. fxe5 Rxe5 17. Bf4 Re8 {0-1 (47) Vitiugov,N (2734)-Bologan,V (2672) Khanty-Mansiysk 2013}) 5... Be7 6. g3 {B07: Pirc Defence: Miscellaneous Systems} Qc7 7. Bg2 Na6 8. O-O $146 ({Predecessor:} 8. h3 O-O 9. Be3 Be6 10. f4 Rfd8 11. d5 cxd5 12. exd5 {1-0 (39) Radnai,A (2229)-Kelly,L (2229) Hungary 2010}) 8... Bd7 9. h3 Nb4 10. Be3 h5 11. Qd2 Qc8 12. Kh2 a5 13. Rae1 (13. f3 $14) 13... Qc7 14. f4 h4 15. g4 Bxg4 16. fxe5 dxe5 17. dxe5 Rd8 18. Qc1 Be6 19. Ng1 Qxe5+ $2 (19... Nh5 $19 20. Nf3 Na6) 20. Bf4 Qh5 21. Nf3 {[#]} {Better is} Qg6 $1 $19 (21... Qh7 $2 22. Ne5 $2 {[%mdl 8192]} (22. Ng5 $11 Qg6 23. Nxe6 fxe6 24. e5)) 22. Ne5 (22. Rg1 Nh5) 22... Qh7 23. Nf3 Bc4 24. Rf2 {[#]} Nh5 $1 25. e5 O-O 26. Bg5 Bc5 27. Rd2 Rxd2 28. Nxd2 (28. Qxd2 $17 Qxc2 29. Ne4) 28... Be6 $19 ({Don't go for} 28... Nxc2 $2 29. Be4 $18 {[%mdl 64] Double Attack} (29. Nxc4 Nxe1 30. Be4 f5 $14)) 29. Nce4 Bd4 (29... Bb6 $19 {is more deadly.} 30. Nf3 Bd5) 30. Nf3 Bb6 31. Bxh4 Qf5 32. Nd6 Qf4+ 33. Qxf4 Nxf4 34. Nxb7 Nxc2 35. Rc1 Nxg2 36. Kxg2 Nd4 37. Nxd4 Bxd4 38. Nxa5 Bxb2 39. Rc2 Bxe5 40. Nxc6 Bb3 41. Rc5 1/2-1/2

[Event "Australian-ch 2020"]
[Site "Kogarah"]
[Date "2020.01.12"]
[Round "10.1"]
[White "Kuybokarov, Temur"]
[Black "Zhang, Jilin"]
[Result "1/2-1/2"]
[WhiteElo "2523"]
[BlackElo "2237"]
[Annotator "TA"]
[PlyCount "39"]
[EventDate "2020.01.02"]
[EventType "swiss"]
[EventCountry "AUS"]
[SourceTitle "playchess.com"]
[Source "ChessBase"]
[SourceQuality "1"]

{[%evp 23,39,37,38,0,7,2,18,1,20,-37,-25,-38,-31,-59,-52,-145,-129,-205]} 1. e4 c5 2. Nf3 e6 3. d4 cxd4 4. Nxd4 a6 5. c4 Nf6 6. Nc3 d6 7. Be2 b6 8. Be3 Bb7 9. f3 Qc7 10. Qd2 Nbd7 11. O-O Be7 12. a4 O-O 13. a5 {A31: Symmetrical English: 2 Nf3 Nf6 3 d4} bxa5 14. Nb3 d5 $1 (14... Rab8 15. Nxa5 Ba8 16. Rfc1 h5 17. b4 h4 18. b5 Nc5 19. bxa6 Nxa6 20. Nb5 Qd8 {0-1 (55) Borisek,J (2584)-Van Foreest,J (2612) chess.com INT 2019}) 15. cxd5 {The position is equal.} exd5 16. Nxd5 ({White should try} 16. exd5 $11 Bb4 17. Bf2) 16... Bxd5 $146 ({Predecessor:} 16... Nxd5 17. exd5 Bb4 18. Qd4 Nf6 19. Rfc1 Qe7 20. Nxa5 Bxd5 {0-1 (30) Olea,L (1946)-Baciu,A (2104) Calimanesti 2014}) 17. exd5 Bb4 18. Qd4 Rfe8 19. Rfc1 {[#]} (19. Bd3 $15) 19... Qe5 $1 $17 {[%cal Re5e3]} 20. Kf2 1/2-1/2

[Event "Australian-ch 2020"]
[Site "Kogarah"]
[Date "2020.01.12"]
[Round "10.2"]
[White "Puccini, Jack"]
[Black "Ikeda, Junta"]
[Result "0-1"]
[WhiteElo "2265"]
[BlackElo "2438"]
[Annotator "TA"]
[PlyCount "93"]
[EventDate "2020.01.02"]
[EventType "swiss"]
[EventCountry "AUS"]
[SourceTitle "playchess.com"]
[Source "ChessBase"]
[SourceQuality "1"]

{[%evp 12,93,49,42,47,46,52,27,44,44,81,32,72,79,48,44,70,-29,-26,-165,0,8,58,60,54,25,25,27,22,18,20,23,17,-125,-129,-103,-112,-118,-110,-120,-113,-259,-95,-105,-102,-127,-108,-204,-168,-162,-155,-147,-141,-141,0,-88,0,-119,-83,-190,-174,-271,-271,-276,-272,-1068,-1071,-845,-784,-1368,-1290,-29936,-12851,-29941,-29944,-12837,-29941,-29938,-12822,-29951,-29948,-4598,-6645,-29994]} 1. e4 g6 2. d4 Bg7 3. Nc3 d6 4. f4 a6 5. Nf3 b5 6. Bd3 Nd7 7. e5 c5 {B06: Modern Defence} (7... e6 8. O-O Ne7 9. Ne4 Nb6 10. c3 Bb7 11. Bd2 O-O 12. Be1 Bxe4 13. Bxe4 Ned5 14. Bh4 Qd7 15. Qd2 {1-0 (29) Can,E (2600)-Sjugirov,S (2665) Moscow 2019}) 8. Be4 Rb8 9. O-O Nh6 {White has an edge.} 10. exd6 O-O 11. f5 $1 {[%cal Rf5g6]} exd6 12. Bg5 $146 ({Predecessor:} 12. fxg6 hxg6 13. Bg5 Qa5 14. Nd5 Re8 15. Re1 cxd4 16. Nxd4 {½-½ (52) Ten Hertog,H (2492)-Lai,H (2455) Amstelveen 2019}) 12... Nf6 13. fxg6 hxg6 14. Nh4 (14. Nd5 $14 Nhg4 15. Ne5 dxe5 16. dxe5 Nxd5 17. Bxd8) 14... Nhg4 $11 15. dxc5 (15. Bc6 $11) 15... dxc5 $2 ({Black should play} 15... Qc7 $1 $19 {[%cal Rc7c5]} 16. Qxd6 Qxd6 17. cxd6 b4 18. Bxg6 bxc3 19. bxc3 fxg6 20. Nxg6 Rf7) 16. h3 {aiming for Qxd8.} b4 {White must now prevent ...Qxd1.} 17. Nd5 (17. hxg4 bxc3 18. Qxd8 Rxd8 $15) 17... Qe8 18. Bxf6 (18. Bxg6 {feels hotter.} fxg6 19. hxg4 Nxg4 20. Ne7+ Qxe7 21. Bxe7 Rxf1+ 22. Qxf1 Bd4+ 23. Kh1) 18... Nxf6 19. Nxf6+ Bxf6 20. Rxf6 Qxe4 {[#]} 21. Nxg6 $1 {[%mdl 576] Pin} Bxh3 $1 {[%csl Gh3][%cal Re4g2] [#]} (21... fxg6 22. Rxf8+) 22. Nf4 (22. Ne7+ $1 $11 {[%mdl 512]} Qxe7 23. Qf3) 22... Rbd8 $17 23. Rd6 Qe3+ $1 ({Weaker is} 23... Qxf4 24. Rxd8 Qe3+ 25. Kh2 $16) 24. Kh1 Qxf4 25. Rxd8 Bxg2+ $1 26. Kg1 (26. Kxg2 $17 Qg5+ {[%mdl 64] Double Attack} 27. Kh3 Rxd8 28. Qg1) 26... Qe3+ $2 (26... Bc6 $1 $19 {is more deadly.} 27. Rxf8+ Kxf8) 27. Kxg2 {White threatens Qg4+ and mate.} Qg5+ $40 {[%mdl 192] Double Attack. Black has strong attack.} 28. Kf3 Qf6+ ({Don't do} 28... Rxd8 29. Qg1 $15) 29. Ke3 (29. Kg3 $17 Rxd8 30. Qh5) 29... Rxd8 $19 {[%mdl 4096] Endgame KQR-KQR} 30. Qg4+ Kf8 31. Rg1 Qe5+ ({Don't play} 31... Qxb2 32. Qg8+ Ke7 33. Qg5+ Qf6 34. Qxc5+ Qd6 35. Rg5 $17) 32. Kf3 Qf6+ (32... Rd2 $17 {( -> ...Qe2+)} 33. Qc8+ Ke7 $1 {[%mdl 512]} 34. Qb7+ Rd7) 33. Ke2 (33. Ke3 $1 $11 {was the only way to keep the balance.}) 33... Qe5+ 34. Kf3 Qd5+ 35. Qe4 (35. Kf4 $17) 35... Qxa2 36. Rg5 (36. Qf5 $142 Qd5+ 37. Qxd5 Rxd5 38. Ke3) 36... Qxb2 37. Rxc5 Qf6+ 38. Qf5 $2 (38. Qf4 Rd6 39. Qxf6 Rxf6+ 40. Ke2) 38... Qxf5+ 39. Rxf5 {KR-KR} Rc8 40. Ra5 Rxc2 41. Rxa6 b3 {[%cal Bb4b3,Bb3b2][%mdl 32]} 42. Rb6 b2 43. Rb7 Ke8 44. Ke3 Kd8 (44... Rh2 $142 45. Kf4 Kd8 46. Ke3 Kc8 47. Rb5 {[#]} f5 $1 {[%mdl 512]} 48. Kf4 Kc7 49. Kg3 Rd2 50. Kf4 Rh2 51. Kg3 Kc6 52. Rb4 Rd2 53. Kf3 Kc5 54. Rb8 Rh2 55. Kg3 Rd2 56. Kf3 Kc4 57. Rc8+ Kd3 58. Rb8 Kc2 59. Rc8+ Kd1 60. Rb8 Rd3+ 61. Kf4 Kc2 62. Kxf5 Rb3 63. Rg8 b1=Q 64. Ke4 Qh1+ 65. Kf4 Qf3+ 66. Ke5 Rb5+ 67. Kd6 Qd5+ 68. Ke7 Rb7+ 69. Kf6 Rf7+ 70. Kg6 Qf5+ 71. Kh6 Rh7#) 45. Kd3 Rh2 46. Kc3 Kc8 47. Kd4 {Accuracy: White = 33%, Black = 70%.} 0-1

[Event "Australian-ch 2020"]
[Site "Kogarah"]
[Date "2020.01.12"]
[Round "10.3"]
[White "McGowan, Cameron"]
[Black "Bjelobrk, Igor"]
[Result "0-1"]
[WhiteElo "2221"]
[BlackElo "2403"]
[Annotator "TA"]
[PlyCount "50"]
[EventDate "2020.01.02"]
[EventType "swiss"]
[EventCountry "AUS"]
[SourceTitle "playchess.com"]
[Source "ChessBase"]
[SourceQuality "1"]

{[%evp 13,50,10,16,7,7,0,8,0,0,0,-4,-15,0,-16,-21,-29,-26,-23,-27,-23,0,0,0,-51,-57,-83,-93,-84,-85,-168,-168,-198,-191,-172,-139,-1800,-1748,-6631,-6425]} 1. e4 c5 2. Nf3 e6 3. c3 Nf6 4. e5 Nd5 5. Bc4 d6 6. d4 cxd4 7. cxd4 Be7 8. O-O {B22: Sicilian: 2 c3} O-O 9. Qe2 b6 (9... Nc6 10. Rd1 Bd7 11. a3 Rc8 12. Bxd5 exd5 13. Nc3 Be6 14. Bf4 Re8 15. h3 a6 16. Rac1 h6 17. b4 Bf8 18. Qd2 Rc7 {½-½ (39) Vitiugov,N (2732)-Yu,Y (2763) Khanty-Mansiysk 2019}) 10. Nc3 {The position is equal.} Nxc3 11. bxc3 Bb7 12. Bf4 Qc7 13. Rac1 $146 ({Predecessor:} 13. Bd3 Nd7 {0-1 (25) Abdulov,O (2387)-Kozul,Z (2602) Plovdiv 2012}) 13... Nd7 14. Bd3 Bxf3 15. Qxf3 dxe5 16. dxe5 g6 17. Qg3 Rfd8 18. Bb1 ({White should try} 18. h4 $11) 18... Qc4 $1 $15 19. Rfe1 Nc5 20. Re3 Rd7 21. h4 (21. Qf3 $17 Qd5 22. Qe2) 21... Rad8 $19 22. Bg5 {[#]} Rd1+ $1 ({Don't play} 22... Bxg5 23. Qxg5 Nd3 24. Rd1 $17) 23. Re1 Qe2 24. f3 $2 {[%mdl 8192]} (24. Qe3 $17 Qxe3 25. Bxe3 Rxe1+ 26. Rxe1) 24... Bxg5 25. hxg5 Qe3+ {[%mdl 64] Double Attack. Accuracy: White = 19%, Black = 77%.} 0-1

[Event "Australian-ch 2020"]
[Site "Kogarah"]
[Date "2020.01.12"]
[Round "10.4"]
[White "Kethro, Michael"]
[Black "Clarke, Brandon G I"]
[Result "0-1"]
[WhiteElo "2093"]
[BlackElo "2438"]
[Annotator "TA"]
[PlyCount "52"]
[EventDate "2020.01.02"]
[EventType "swiss"]
[EventCountry "AUS"]
[SourceTitle "playchess.com"]
[Source "ChessBase"]
[SourceQuality "1"]

{[%evp 11,124,26,35,2,18,7,19,21,20,3,32,32,29,-8,0,0,0,0,8,-18,26,20,19,13,20,-72,-72,-72,-72,-61,-54,-84,-62,-131,-118,-120,-106,-97,-110,-130,-125,-130,-113,-204,-166,-205,-97,-354,-334,-361,-360,-310,-249,-113,-124,-106,-108,-243,-187,-306,-282,-391,-78,-74,-73,-84,-71,-373,-392,-320,-383,-550,0,0,0,0,0,0,0,0,0,0,0,0,0,0,0,0,0,0,0,-42,-59,-212,-217,-258,-75,-83,-90,-1104,-433,-29977,-29981,-29978,-29978,-29978,-4627,-29977,-29950,-29983,-29984,-29983,-29983,-29984,-29984]} 1. d4 Nf6 2. c4 g6 3. Nc3 d5 4. cxd5 ({Predecessor:} 4. Nf3 Bg7 5. cxd5 Nxd5 6. Bg5 c5 7. Rc1 Nxc3 8. bxc3 O-O {1-0 (37) Shipov,S (2557)-Bykhovsky,A (2501) ICC INT 2010}) 4... Nxd5 5. e4 Nxc3 6. bxc3 Bg7 7. Bg5 $146 {D85: Exchange Grünfeld: Unusual White 7th moves and lines with 7 Nf3} (7. Bc4 c5 8. Ne2 O-O 9. Be3 Nc6 10. h4 Qa5 11. O-O Rd8 12. Qb3 e6 13. d5 exd5 14. Bxd5 Ne5 15. Rad1 c4 16. Qb1 Qc7 17. h5 Ng4 18. Bf4 {½-½ (30) Carlsen,M (2872)-Nepomniachtchi,I (2767) Moscow 2019}) 7... c5 8. Rc1 O-O {[%cal Rc5d4]} 9. Nf3 {The position is equal.} Bg4 10. d5 Qa5 11. Qd2 e6 12. Be2 exd5 13. exd5 Bxf3 14. Bxf3 Re8+ 15. Be3 Nd7 16. O-O Ne5 17. Be2 c4 18. Bf4 (18. f4 $1 $11 Nd7 19. Kh1 (19. Bxc4 Rac8 $11)) 18... Rad8 $17 19. d6 Bf8 20. Bxe5 Rxe5 21. d7 Rd5 22. Qf4 (22. Qe3 $1 $15) 22... b5 $1 $36 {[%mdl 2048] Black is really pushing.} 23. Bg4 f5 ({Reject} 23... Qxa2 $6 24. Rcd1 $11) 24. Bf3 R5xd7 25. Qe5 Bg7 26. Qe6+ Kh8 {Played: Kg8-f8} 0-1

[Event "Australian-ch 2020"]
[Site "Kogarah"]
[Date "2020.01.12"]
[Round "10.5"]
[White "O`Chee, Kevin"]
[Black "McClymont, Brodie"]
[Result "1/2-1/2"]
[WhiteElo "2156"]
[BlackElo "2421"]
[Annotator "TA"]
[PlyCount "109"]
[EventDate "2020.01.02"]
[EventType "swiss"]
[EventCountry "AUS"]
[SourceTitle "playchess.com"]
[Source "ChessBase"]
[SourceQuality "1"]

{[%evp 18,109,42,36,48,27,36,22,36,36,37,0,69,38,37,-39,0,0,0,-40,75,74,85,0,13,0,36,62,191,181,168,217,191,207,192,187,187,131,151,123,133,102,112,99,113,80,99,102,102,58,47,0,0,0,23,31,25,8,27,0,0,0,0,0,0,0,0,0,0,0,0,0,0,0,0,0,0,0,0,0,0,0,0,0,0,0,0,0,0,0,0,0,0,0]} 1. c4 Nf6 2. Nc3 g6 3. e4 d6 4. d4 Bg7 5. Nf3 O-O 6. Be2 Nbd7 7. Qc2 e5 8. d5 a5 9. h3 Nc5 10. Be3 Nh5 {E93: King's Indian: Classical: Petrosian System with 7...Nbd7} 11. g3 f5 12. Nd2 Nf6 13. Bxc5 dxc5 14. O-O-O Ne8 ({Black should play} 14... Bh6 $11) 15. exf5 gxf5 {[#]} 16. f4 $146 (16. g4 $14) ({Predecessor:} 16. g4 Nd6 17. Rhg1 Kh8 18. gxf5 Bxf5 {0-1 (34) Paravyan,D (2634)-Grischuk,A (2771) St Petersburg 2018}) 16... exf4 17. gxf4 Qh4 18. Rdf1 Rf6 (18... Nd6 $15 {keeps the upper hand.}) 19. Bd3 Bd7 {[#]} 20. Ne2 (20. Kb1 $1 $16) 20... Rb6 $1 $11 {[%cal Rb6b2]} 21. Nf3 Qe7 22. Rhg1 Kh8 ({Black should try} 22... Qe3+ $14 23. Kd1 Rg6) 23. Ne5 $1 $18 Bxe5 24. fxe5 Qxe5 25. Bxf5 Bxf5 26. Rxf5 {[%cal Rf5f8]} ({Weaker is} 26. Qxf5 Qxb2+ 27. Kd1 Nf6 $17) 26... Qe3+ 27. Kb1 ({Better is} 27. Kd1 $18 {[%cal Rf5f8]} Nf6 28. Rgf1) 27... Nd6 28. Rh5 {[%csl Gc2][%cal Rh5h7]} Qe4 29. Qxe4 Nxe4 {[#]} 30. Nf4 $1 {[%cal Rf4g6]} Rg8 31. Rxg8+ Kxg8 $16 {[%mdl 4096] Endgame KRN-KRN} 32. Kc2 Rf6 33. Rh4 Nd6 34. b3 Nf5 35. Rg4+ Kf7 {Strongly threatening ...Ne3+.} 36. Kd3 Rh6 37. Ke4 Kf6 38. Ne6 {Black must now prevent Rf4.} Rxh3 {The position is equal.} 39. Nxc5 Nd6+ 40. Kf4 Rh2 41. Nd7+ Kf7 42. Ne5+ Kf8 43. Nd7+ Ke8 44. Rg7 Rf2+ 45. Ke3 Rxa2 {aiming for ...Nf5+.} 46. Nf6+ {[%mdl 64] Discovered Attack} Kd8 {And now ...Nf5+ would win.} 47. Rd7+ Kc8 48. Rxh7 {Threatening mate with Rh8+.} b6 49. Ne4 Nxe4 50. Kxe4 $11 {KR-KR} Ra3 51. d6 cxd6 52. Kd5 Rxb3 53. Kc6 {[%cal Rh7h8]} Kd8 54. Kxd6 {[%cal Rh7h8]} Ke8 55. c5 {Accuracy: White = 52%, Black = 61%.} 1/2-1/2

[Event "Australian-ch 2020"]
[Site "Kogarah"]
[Date "2020.01.12"]
[Round "10.6"]
[White "Wallis, Christopher"]
[Black "Solomon, Stephen J"]
[Result "1/2-1/2"]
[WhiteElo "2322"]
[BlackElo "2319"]
[Annotator "TA"]
[PlyCount "30"]
[EventDate "2020.01.02"]
[EventType "swiss"]
[EventCountry "AUS"]
[SourceTitle "playchess.com"]
[Source "ChessBase"]
[SourceQuality "1"]

{[%evp 16,30,26,15,50,35,51,42,44,37,32,27,37,22,27,2,7]} 1. d4 d5 2. c4 e6 3. Nf3 Nf6 4. g3 Be7 5. Bg2 O-O 6. O-O dxc4 7. Qc2 a6 8. a4 Nc6 9. Qxc4 a5 {E05: Open Catalan: 5 Nf3 Be7} (9... Na5 10. Qc2 b6 11. Ne5 Bb7 12. Bxb7 Nxb7 13. Nc6 Qe8 14. Rd1 Bc5 15. Ne5 Bd6 16. Nc3 c5 17. Ne4 Nxe4 18. Qxe4 cxd4 {½-½ (34) Ding,L (2811)-Firouzja,A (2702) Khanty-Mansiysk 2019}) 10. Nc3 Nb4 11. Rd1 c6 {White is slightly better.} 12. e4 b6 13. Qb3 Ba6 14. Ne5 Rc8 15. Bf1 $146 ({Predecessor:} 15. Bf4 Nh5 16. Be3 {1-0 (45) Grinev,V (2403)-Pedersen,H (2159) Cappelle-la-Grande 2016}) 15... Bxf1 1/2-1/2

[Event "Australian-ch 2020"]
[Site "Kogarah"]
[Date "2020.01.12"]
[Round "10.7"]
[White "Kargosha, Bahman"]
[Black "Huynh, Arthur"]
[Result "0-1"]
[WhiteElo "2101"]
[BlackElo "2136"]
[Annotator "TA"]
[PlyCount "88"]
[EventDate "2020.01.02"]
[EventType "swiss"]
[EventCountry "AUS"]
[SourceTitle "playchess.com"]
[Source "ChessBase"]
[SourceQuality "1"]

{[%evp 14,88,0,0,0,0,2,0,13,27,37,36,40,31,40,37,34,31,32,36,62,60,70,32,50,46,50,44,93,55,82,49,55,60,105,63,75,54,125,54,48,-74,-60,-69,-67,-75,-72,-83,-91,-95,-29,-28,0,-151,-149,-160,-148,-153,-145,-144,-28,-210,-207,-253,-232,-257,-281,-557,-593,-29970,-29967,-29978,-29976,-29994,-29982,-29965,-5414]} 1. d4 Nf6 2. c4 e6 3. Nc3 Bb4 4. e3 O-O 5. Bd3 d5 6. Nf3 b6 7. a3 Bxc3+ 8. bxc3 Ba6 {E52: Nimzo-Indian: Rubinstein: 4...0-0 5 Nf3 d5 6 Bd3 b6} (8... dxc4 9. Bxc4 c5 10. O-O Qc7 11. Bd3 Nc6 12. e4 e5 13. d5 Ne7 14. Nd2 Ng6 15. a4 Nf4 16. Bc2 Ne8 17. c4 Nd6 18. Bb2 f6 19. h4 {1-0 (49) Korobov,A (2664)-Sanal,V (2543) Batumi 2018}) 9. cxd5 Bxd3 10. Qxd3 {Black must now prevent dxe6.} exd5 {The position is equal.} 11. c4 c5 12. dxc5 bxc5 13. O-O dxc4 14. Qxc4 Nbd7 15. Bb2 $146 ({Predecessor:} 15. Rd1 Qc7 16. Bb2 Rab8 17. Bxf6 Nxf6 18. Rac1 Rfc8 19. Rc2 Qa5 {1-0 (53) Denec,M (1514)-Eremkere,M (1800) Antalya 2008}) 15... Qe7 16. Rac1 Rfc8 17. Rfd1 h6 18. Rc2 Nb6 19. Qh4 Rd8 20. Rdc1 Nbd7 21. Nd2 Rab8 22. h3 Qe6 23. Nc4 Rb5 24. Rd2 Rdb8 25. Rd6 Qe8 (25... Qf5 $14) 26. Bxf6 (26. Rc2 $1 $16) 26... Nxf6 $14 27. Rxf6 (27. Rdd1 $14 Rb3 28. Qf4) 27... Rb1 $17 28. Rxb1 $1 Rxb1+ 29. Kh2 gxf6 30. Qxf6 {[%mdl 4096] Endgame KQR-KQN} Qe6 31. Qf4 Rc1 (31... Rd1 $17) 32. Nd6 $11 c4 33. e4 $2 (33. Nf5 $1 $11 Kh7 34. Nxh6 $1 {[%mdl 512]} Qxh6 35. Qxf7+ {[%mdl 64] Double Attack} Kh8 36. Qe8+ Kh7 37. Qf7+ {[%mdl 64] Double Attack} Kh8 38. Qe8+ Kh7 39. Qf7+ {[%mdl 64] Double Attack}) 33... Re1 $36 {[%mdl 2048] aiming for ...c3. Keeping White busy.} 34. f3 {Black should prevent Nf5.} Rd1 $1 35. Nf5 Kh7 $1 36. Ne3 Rd3 (36... Rd8 $17 {And now ...c3 would win.} 37. Nd5 Rd6) 37. Ng4 $2 {[#]} (37. Nd5 $11) 37... c3 $1 $19 {[%cal Rc3c2] Threatens to win with ...c2.} ({Inferior is} 37... Rxa3 {[#]} 38. Nxh6 $1 {[%mdl 512]} Qxh6 39. Qxf7+ Qg7 40. Qh5+ Qh6 41. Qf7+ Qg7 42. Qh5+ Qh6 43. Qf7+ $11) 38. Nf6+ Kg6 39. Ng4 {[%csl Gg4][%cal Rf4h6]} Kg7 {Strongly threatening ...c2.} 40. Qg3 $2 (40. Ne3 {only move.}) 40... Kh7 {...c2 is the strong threat.} 41. Ne5 Rd1 {Black mates.} 42. f4 c2 43. f5 Qxe5 {[%mdl 64] Promotion} 44. Qxe5 c1=Q {Accuracy: White = 34%, Black = 44%.} 0-1

[Event "Australian-ch 2020"]
[Site "Kogarah"]
[Date "2020.01.12"]
[Round "10.8"]
[White "Bayaca, Sterling"]
[Black "Lo, Willis"]
[Result "1/2-1/2"]
[WhiteElo "1994"]
[BlackElo "2108"]
[Annotator "TA"]
[PlyCount "105"]
[EventDate "2020.01.02"]
[EventType "swiss"]
[EventCountry "AUS"]
[SourceTitle "playchess.com"]
[Source "ChessBase"]
[SourceQuality "1"]

{[%evp 18,105,20,12,25,14,21,14,19,18,63,41,72,86,89,82,95,74,136,135,152,131,143,139,153,133,209,-7,0,-24,0,-41,-29,-40,-39,-18,-41,-32,-37,-42,-6,-9,0,0,0,0,32,0,0,0,0,-10,-19,-8,-17,-21,60,59,116,121,170,183,189,116,125,114,114,127,116,110,89,86,106,100,88,51,54,44,52,8,8,8,10,0,4,0,0,0,0,0]} 1. e4 e5 2. Nf3 Nc6 3. Bb5 a6 4. Ba4 Nf6 5. O-O Be7 6. d3 b5 7. Bb3 d6 8. a4 b4 9. a5 O-O 10. Nbd2 Rb8 {C84: Closed Ruy Lopez: Unusual White 6th moves} (10... h6 11. Re1 Rb8 12. h3 Be6 13. Ba4 Nxa5 14. d4 c5 15. dxe5 dxe5 16. Nxe5 c4 17. Qe2 Rc8 18. Ndf3 {½-½ (25) Vitiugov,N (2730)-Tomashevsky,E (2702) Satka 2018}) 11. Nc4 Bg4 12. Be3 Qc8 13. h3 Bh5 14. Re1 {[#]} Rd8 $146 ({Predecessor:} 14... h6 15. Ncd2 Nh7 16. Kh2 Nd8 17. g4 Bg6 18. Rg1 {1-0 (55) Predojevic,B (2625)-Urkedal,F (2571) Norway 2018}) 15. Ba4 Nd4 16. Bxd4 exd4 17. Bc6 Bf8 {[#]} (17... b3 $142) 18. Ncd2 $1 $16 g5 19. Qc1 g4 20. hxg4 Qxg4 21. Nxd4 Bh6 {[#]} (21... Qg6 $16) 22. Nf5 $2 (22. f3 $1 $18 {[%cal Rf3g4]} Qg5 23. Nf5) 22... Bf4 $11 23. Ne3 Qh4 24. g3 Qh3 $1 (24... Bxg3 25. fxg3 Qxg3+ 26. Ng2 $18) 25. e5 ({Not} 25. gxf4 $2 Kh8 $19) 25... Bxe3 $1 26. Rxe3 Ng4 $1 {[%csl LRe3,LRe5][%mdl 64] ( -> ...Qh2+). Double Attack} 27. Nf1 {[%cal Bd2f1,Bf1e3,Be3d5][%mdl 32]} Nxe3 28. Qxe3 Qf5 29. Re1 $1 dxe5 30. Qc5 f6 31. Ne3 $36 {[%mdl 2048] White has the initiative.} Qh3 32. Nd5 Qe6 $1 {[%cal Re6d6] aiming for ...Qd6.} 33. Nxc7 {[%mdl 64] Double Attack} Qd6 $1 {[%cal Rd6c5]} 34. Nxa6 Qxc5 35. Nxc5 {Strongly threatening Na6.} Rbc8 36. Nb7 $1 {[%cal Rb7d8]} Rd4 (36... Rxc6 $11 37. Nxd8 Rxc2) 37. Bg2 $14 ({Reject} 37. Ba4 Rc7 $15) 37... Bf7 (37... Be8 $1 $14) 38. a6 {Hoping for Ra1.} b3 39. cxb3 Bd5 40. Nd6 (40. Bxd5+ $18 Rxd5 41. b4) 40... Ra8 $16 {White must now prevent ...Bxg2.} 41. Nf5 Bxg2 42. Nxd4 {[%mdl 4096] Endgame KRB-KRN} ({Worse is} 42. Kxg2 Rxd3 43. Ra1 Rxb3 $17) 42... Bd5 43. Nb5 {Threatens to win with Nc7.} Rxa6 44. Nc7 Rd6 45. Nxd5 Rxd5 {KR-KR} 46. Rd1 Rb5 47. Rd2 Rxb3 48. Kg2 Kf7 {The position is equal.} 49. Kf3 h5 50. Kg2 Kg6 51. Kh3 Kg5 52. d4 exd4 53. Rxd4 {Accuracy: White = 52%, Black = 48%.} 1/2-1/2

[Event "Australian-ch 2020"]
[Site "Kogarah"]
[Date "2020.01.12"]
[Round "10.9"]
[White "Nakauchi, Gene"]
[Black "Ng, Clive"]
[Result "0-1"]
[WhiteElo "2150"]
[BlackElo "2061"]
[Annotator "TA"]
[PlyCount "64"]
[EventDate "2020.01.02"]
[EventType "swiss"]
[EventCountry "AUS"]
[SourceTitle "playchess.com"]
[Source "ChessBase"]
[SourceQuality "1"]

{[%evp 19,98,18,37,0,-11,0,0,-12,-13,-18,-16,-16,-4,-56,-38,-51,-39,-40,-37,-22,-38,-29,-19,-25,-14,-47,-62,-55,-11,-25,0,-10,0,-13,-11,-66,-31,-48,0,-66,-73,-67,-74,-80,-7,-43,-7,-184,-158,-178,-168,-211,-211,-29991,-448,-448,-446,-526,-514,-531,-456,-617,-592,-724,-732,-710,-655,-740,-731,-1279,-738,-29976,-29977,-29977,-29978,-29978,-29979,-29977,-29978,-29977,-29974]} 1. d4 Nf6 2. c4 g6 3. g3 Bg7 4. Bg2 O-O 5. Nf3 d6 6. O-O Nc6 7. Nc3 a6 8. d5 Na5 9. b3 c5 10. Bb2 Rb8 11. Re1 {E63: King's Indian: Fianchetto: Panno Variation with 7...a6} b5 12. cxb5 axb5 13. e4 {The position is equal.} b4 14. Na4 $146 ({Predecessor:} 14. Nb1 e6 15. dxe6 Bxe6 16. Nbd2 Qb6 17. Rc1 Rfd8 18. Qc2 Rbc8 {0-1 (64) Skatchkov,P (2435)-Rashkovsky,N (2510) St Petersburg 1997}) 14... Bd7 15. e5 Ne8 16. exd6 ({White should try} 16. Rc1 $11) 16... exd6 $15 17. Bxg7 Nxg7 18. Nb2 Bg4 19. h3 Bxf3 20. Qxf3 Nf5 21. Rad1 Re8 22. Re4 Rxe4 23. Qxe4 Qe8 24. Qf4 Qe7 25. Nd3 Nd4 {[#] Strongly threatening ...Ne2+.} 26. Kh2 Ne2 27. Qh6 (27. Qf3 $11) 27... Qf8 28. Qg5 Re8 29. Nxc5 (29. Re1 $11) 29... f6 $36 {[%mdl 2048] White is under strong pressure.} 30. Qg4 dxc5 31. d6 {Black must now prevent d7.} f5 (31... Nd4 $17 32. Qd7 Rd8) 32. Qh4 $1 $11 f4 {Played: Ne2-c3} 0-1